| 000 | 00582nam a22002057a 4500 | ||
|---|---|---|---|
| 999 |
_c15857 _d15857 |
||
| 003 | AR-CdUCM | ||
| 008 | 190430b ||||| |||| 00| 0 spa d | ||
| 040 |
_aMUNICIPALIDAD PROVINCIAL DEL CUSCO _cBIBLIOTECA MUNICIPAL DEL CUSCO |
||
| 082 |
_a869.56 / _bS27 |
||
| 100 |
_aSaya, Claudio _935059 |
||
| 245 | _aLa denuncia / | ||
| 260 |
_aLima : _c1962. |
||
| 300 |
_a40 paginas ; _c21 cm. |
||
| 505 | _aContenido : PoesÃa | ||
| 650 |
_aPoesias peruanas _95731 |
||
| 650 |
_aSiglo XX _98 |
||
| 650 |
_aLiteratura peruana _9169 |
||
| 942 |
_2ddc _cLIBROS |
||
| 945 |
_awnts _d2019-04-30 |
||